000
00207 a2200097 4500
020
_a
9788126474349
100
_a
M. Nandakumar
245
_a
Kathakal(കഥകൾ)
260
_b
D C books
_c
2019
942
_c
OO
999
_c
115325
_d
115324